Films avec Fernandel - Mort subite - Statistiques

Statistiques générales
  • Ce quiz a été pris 265 fois
  • Le résultat moyen est 5 sur 13
Answers on the Grid
Answers color-coded by a green-red scale on the quiz's grid according to % correct below.
Marius
Le Petit monde de Don Camillo
Don Camillo et les contestataires
Heureux qui comme Ulysse
Topaze
La Femme du boulanger
La Fille du puisatier
Regain
Le Corniaud
La Vache et le prisonnier
Angèle
Manon des sources
L'Ennemi public numéro un
Dynamite Jack
Fernand cow-boy
Le Tango corse
Le Schpountz
La Grande vadrouille
L'Âge ingrat
Le Triporteur
L'Assassin est dans l'annuaire
Félicie aussi
La Belle meunière
La Cuisine au beurre
 
Statistiques - réponses
Réponse % Correct
Le Petit monde de Don Camillo
97%
La Vache et le prisonnier
54%
Topaze
52%
Le Schpountz
46%
Heureux qui comme Ulysse
44%
La Cuisine au beurre
42%
Angèle
36%
La Fille du puisatier
36%
Regain
32%
L'Âge ingrat
19%
L'Ennemi public numéro un
18%
Dynamite Jack
8%
L'Assassin est dans l'annuaire
6%
Aucun quiz correspondant
Distribution des résultats
% des personnes avec chaque résultat
Percentile par nombre de réponses
Votre historique - résultats
Vous n’avez pas pris ce quiz